[Event "FRA-chTB 9697"]
[Site "France"]
[Date "1997.??.??"]
[Round "4"]
[White "Chagnaud, Thomas"]
[Black "Rouchouse, Stevens"]
[Result "1-0"]
[WhiteElo "2175"]
[BlackElo "2190"]
[PlyCount "91"]
[EventDate "1997.??.??"]
[EventType "team"]
[EventRounds "7"]
[EventCountry "FRA"]
[SourceTitle "EXT 1999"]
[Source "ChessBase"]
[SourceDate "1998.11.16"]
[SourceVersion "1"]
[SourceVersionDate "1998.11.16"]
[SourceQuality "1"]

1. e4 c5 2. Nf3 Nc6 3. d4 cxd4 4. Nxd4 g6 5. Nc3 Bg7 6. Be3 Nf6 7. Bc4 0-0 8. Bb3 d6 9. f3 Qb6 10. Nf5 Qa5 11. Nxg7 Kxg7 12. Qd2 Rd8 13. Bh6+ Kg8 14. 0-0-0 b5 15. Bg5 Be6 16. Nd5 Bxd5 17. Qxa5 Nxa5 18. Bxd5 Rab8 19. b4 Nxd5 20. bxa5 Nc3 21. Bxe7 Rd7 22. Bxd6 Rbd8 23. Rd3 Nxa2+ 24. Kb2 Rxd6 25. Rxd6 Rxd6 26. Kxa2 Rd2 27. Kb3 Rxg2 28. Kb4 a6 29. Kc5 Rxc2+ 30. Kb6 b4 31. Rb1 Rxh2 32. Kxa6 Rf2 33. Kb7 Rxf3 34. a6 Kg7 35. a7 Ra3 36. a8Q Rxa8 37. Kxa8 g5 38. Kb7 g4 39. Kc6 Kg6 40. Kd5 Kg5 41. e5 h5 42. Ke4 h4 43. Ke3 h3 44. Kf2 h2 45. Kg2 Kf5 46. Rxb4 1-0

[Event "FRA-chTB 9697"]
[Site "France"]
[Date "1997.??.??"]
[Round "3"]
[White "Chagnaud, Thomas"]
[Black "Roumegous, Etienne"]
[Result "1-0"]
[WhiteElo "2175"]
[BlackElo "2130"]
[PlyCount "61"]
[EventDate "1997.??.??"]
[EventType "team"]
[EventRounds "7"]
[EventCountry "FRA"]
[SourceTitle "EXT 1999"]
[Source "ChessBase"]
[SourceDate "1998.11.16"]
[SourceVersion "1"]
[SourceVersionDate "1998.11.16"]
[SourceQuality "1"]

1. e4 e6 2. Qe2 c5 3. Nf3 Nc6 4. g3 d6 5. Bg2 Nf6 6. d3 Be7 7. 0-0 e5 8. c3 h6 9. Rd1 Bg4 10. h3 Bh5 11. g4 Bg6 12. Nh4 Nh7 13. Nxg6 fxg6 14. f4 0-0 15. Rf1 Rb8 16. a4 a6 17. Na3 b5 18. axb5 axb5 19. Nc2 b4 20. Kh1 bxc3 21. bxc3 Rb3 22. Ra3 Qb6 23. Nb4 Rxa3 24. Nxc6 Qxc6 25. Bxa3 exf4 26. e5 Qa6 27. exd6 Qxd6 28. Re1 Bh4 29. Rf1 Bd8 30. d4 Bb6 31. dxc5 1-0

[Event "FRA-ch U18"]
[Site "Montlucon"]
[Date "1997.??.??"]
[Round "7"]
[White "Cour, Timothee"]
[Black "Chagnaud, Thomas"]
[Result "1/2-1/2"]
[WhiteElo "2065"]
[BlackElo "2175"]
[PlyCount "75"]
[EventDate "1997.??.??"]
[EventType "swiss"]
[EventRounds "8"]
[EventCountry "FRA"]
[SourceTitle "EXT 2001"]
[Source "ChessBase"]
[SourceDate "2000.11.22"]
[SourceVersion "1"]
[SourceVersionDate "2000.11.22"]
[SourceQuality "1"]

1. e4 c5 2. Nf3 Nc6 3. d4 cxd4 4. Nxd4 g6 5. c4 Bg7 6. Be3 Nf6 7. Nc3 0-0 8. Be2 d6 9. f3 Bd7 10. Qd2 Nxd4 11. Bxd4 Bc6 12. Rc1 a5 13. 0-0 Nd7 14. Bxg7 Kxg7 15. Kh1 Nc5 16. Nd5 e5 17. Ne3 Qe7 18. Rfd1 Rfd8 19. Qc3 Ne6 20. Rd2 Nd4 21. Nc2 Nxc2 22. Qxc2 Qc7 23. Rcd1 Rd7 24. Qc3 f6 25. Qa3 Rad8 26. Bf1 Qb6 27. Qc3 Qc5 28. a3 Ba4 29. b4 axb4 30. axb4 Qc6 31. Ra1 b5 32. Qa3 f5 33. Rd5 fxe4 34. fxe4 Qb6 35. Qc3 Qc6 36. Qa3 Qb6 37. cxb5 Bc2 38. Qe3 1/2-1/2

[Event "FRA-chTB 9697"]
[Site "France"]
[Date "1997.??.??"]
[Round "2"]
[White "Cruz Lopez Claret, Carlos"]
[Black "Chagnaud, Thomas"]
[Result "1/2-1/2"]
[WhiteElo "2290"]
[BlackElo "2175"]
[PlyCount "48"]
[EventDate "1997.??.??"]
[EventType "team"]
[EventRounds "7"]
[EventCountry "FRA"]
[SourceTitle "EXT 1999"]
[Source "ChessBase"]
[SourceDate "1998.11.16"]
[SourceVersion "1"]
[SourceVersionDate "1998.11.16"]
[SourceQuality "1"]

1. d4 d5 2. c4 c6 3. Nc3 Nf6 4. e3 a6 5. Qc2 g6 6. Bd3 Bg7 7. Nf3 0-0 8. 0-0 Nbd7 9. e4 dxe4 10. Nxe4 Nxe4 11. Bxe4 Nf6 12. Bg5 Nxe4 13. Qxe4 Re8 14. Rfe1 Qc7 15. b3 Bf5 16. Qe3 Rad8 17. h3 h5 18. Rad1 Rd7 19. Bf4 Qc8 20. Ne5 Rdd8 21. Bh6 Bxe5 22. Qxe5 f6 23. Qg3 Kh7 24. Bc1 Be6 1/2-1/2

[Event "FRA-ch U18"]
[Site "Montlucon"]
[Date "1997.??.??"]
[Round "4"]
[White "Hervais, Adrien"]
[Black "Chagnaud, Thomas"]
[Result "1/2-1/2"]
[WhiteElo "2075"]
[BlackElo "2175"]
[PlyCount "37"]
[EventDate "1997.??.??"]
[EventType "swiss"]
[EventRounds "8"]
[EventCountry "FRA"]
[SourceTitle "EXT 2001"]
[Source "ChessBase"]
[SourceDate "2000.11.22"]
[SourceVersion "1"]
[SourceVersionDate "2000.11.22"]
[SourceQuality "1"]

1. e4 c5 2. Nf3 d6 3. Bb5+ Bd7 4. Bxd7+ Qxd7 5. 0-0 Nc6 6. d4 cxd4 7. Nxd4 g6 8. Nc3 Bg7 9. Be3 Nf6 10. f3 0-0 11. Qd2 Rfd8 12. Rad1 Rac8 13. Nxc6 bxc6 14. Qf2 Qb7 15. b3 Rd7 16. Rd2 Rdc7 17. h3 d5 18. Bf4 Rd7 19. Be5 1/2-1/2

[Event "FRA-chT U18"]
[Site "France"]
[Date "1996.??.??"]
[Round "?"]
[White "Louis, Jean Philippe"]
[Black "Chagnaud, Thomas"]
[Result "0-1"]
[WhiteElo "2090"]
[BlackElo "2205"]
[PlyCount "130"]
[EventDate "1996.??.??"]
[EventType "team"]
[EventRounds "11"]
[EventCountry "FRA"]
[SourceTitle "EXT 2004"]
[Source "ChessBase"]
[SourceDate "2003.11.25"]
[SourceVersion "1"]
[SourceVersionDate "2003.11.25"]
[SourceQuality "1"]

1. e4 c5 2. c3 Nf6 3. e5 Nd5 4. Nf3 e6 5. Na3 a6 6. Nc2 Nc6 7. d4 cxd4 8. Ncxd4 Qc7 9. Nxc6 Qxc6 10. Bd3 d6 11. 0-0 Nb6 12. Qe2 Nd7 13. Bf4 d5 14. a4 b6 15. Nd4 Qc7 16. Rac1 Nc5 17. c4 Nxd3 18. Qxd3 Qd7 19. cxd5 Qxd5 20. Rfd1 Bb7 21. Qg3 Rd8 22. h4 g6 23. Bg5 Rd7 24. Ne2 Qxd1+ 25. Rxd1 Rxd1+ 26. Kh2 Bg7 27. Bf6 0-0 28. Qf4 h6 29. Nc3 Rd7 30. Ne4 Bxe4 31. Qxe4 Bxf6 32. exf6 Rd5 33. g4 Ra5 34. Qe3 Kh7 35. b3 Rc5 36. b4 Rc4 37. Qxb6 Rxg4 38. Qxa6 Rxh4+ 39. Kg3 Rxb4 40. Qd6 Rbb8 41. a5 Ra8 42. a6 Kg8 43. Qb6 Rfb8 44. Qd6 Rd8 45. Qa3 Rd7 46. Qc1 Kh7 47. Qc6 Rda7 48. Kg2 Rxa6 49. Qb7 R6a7 50. Qb6 Ra5 51. Qb7 Kg8 52. Qc6 Rf8 53. Qc3 Rf5 54. Qd4 g5 55. Qc3 Kh7 56. Qb4 Rg8 57. Qe7 Kg6 58. Qb4 Rxf6 59. Qe4+ Rf5 60. Qb1 h5 61. Qc2 Kh6 62. Qc3 h4 63. Qe3 Rg6 64. Qe2 Rgf6 65. Kh3 Rf3+ 0-1